| 000 | 005380000a22001810004500 | ||
|---|---|---|---|
| 003 | MACL | ||
| 005 | 20150712162341.0 | ||
| 008 | 150712b xxu||||| |||| 00| 0 eng d | ||
| 040 |
_aMACL _cMACL |
||
| 041 | _aEnglish | ||
| 082 | _a320/ROB | ||
| 100 |
_aRobb, Peter G. _91969 |
||
| 245 |
_aThe Evolition Of British Policy Towards Indian Politics 1880-1920 _bEssays On Colonial Attutudes, Imperial Strategies An Bihar |
||
| 260 |
_aNew Delhi _bManohar Publishers _c1992 |
||
| 350 | _a400 | ||
| 650 |
_aPolitics _91970 |
||
| 942 |
_cBK _k320 _2ddc |
||
| 999 |
_c2986 _d2986 |
||